[Event "Bruges Masters op"]
[Site "Bruges"]
[Date "2017.08.16"]
[Round "7"]
[White "Guelsen, Taylan"]
[Black "Varga, Zoltan"]
[Result "1/2-1/2"]
[WhiteElo "2156"]
[BlackElo "2434"]
[PlyCount "52"]
[EventDate "2017.08.13"]
[EventType "swiss"]
[EventRounds "9"]
[EventCountry "BEL"]
[SourceTitle "CBM 180 Extra"]
[Source "ChessBase"]
[SourceDate "2017.10.06"]
[SourceVersion "1"]
[SourceVersionDate "2017.10.06"]
[SourceQuality "1"]

1. d4 d5 2. Bf4 c5 3. e3 Nc6 4. c3 Nf6 5. Nd2 Qb6 6. Qb3 c4 7. Qc2 Bg4 8. b3 cxb3 9. axb3 e6 10. f3 Bh5 11. Bd3 Rc8 12. Qb2 Bg6 13. Bxg6 hxg6 14. Ne2 Nh5 15. Kf2 Be7 16. Bg3 g5 17. Rhe1 f5 18. Qb1 0-0 19. Kg1 Nxg3 20. hxg3 Bf6 21. f4 a6 22. Kf2 Rc7 23. Rh1 g4 24. Qg1 Kf7 25. Rh7 Ne7 26. Qh1 Kg8 1/2-1/2

[Event "Bruges Masters op"]
[Site "Bruges"]
[Date "2017.08.14"]
[Round "4"]
[White "Beerdsen, Thomas"]
[Black "Guelsen, Taylan"]
[Result "1-0"]
[WhiteElo "2447"]
[BlackElo "2156"]
[PlyCount "53"]
[EventDate "2017.08.13"]
[EventType "swiss"]
[EventRounds "9"]
[EventCountry "BEL"]
[SourceTitle "CBM 180 Extra"]
[Source "ChessBase"]
[SourceDate "2017.10.06"]
[SourceVersion "1"]
[SourceVersionDate "2017.10.06"]
[SourceQuality "1"]

1. e4 d6 2. d4 Nf6 3. Nc3 e5 4. Nf3 Nbd7 5. Bc4 Be7 6. a4 0-0 7. 0-0 a5 8. Ba2 c6 9. h3 exd4 10. Nxd4 Nb6 11. Qf3 Nfd7 12. Nf5 Ne5 13. Nxe7+ Qxe7 14. Qe3 Ned7 15. Qg3 Ne5 16. Bg5 Qe8 17. f4 Ng6 18. f5 Qe5 19. Qe3 h6 20. Qxb6 hxg5 21. fxg6 Bxh3 22. Rxf7 d5 23. exd5 Rxf7 24. gxf7+ Kxf7 25. dxc6+ Ke7 26. Qxb7+ Kd6 27. Rd1+ 1-0

[Event "Vlissingen HZ op 21st"]
[Site "Vlissingen"]
[Date "2017.08.12"]
[Round "9"]
[White "Bezemer, Arno J"]
[Black "Guelsen, Taylan"]
[Result "1-0"]
[WhiteElo "2310"]
[BlackElo "2156"]
[PlyCount "117"]
[EventDate "2017.08.05"]
[EventType "swiss"]
[EventRounds "9"]
[EventCountry "NED"]
[SourceTitle "CBM 179 Extra"]
[Source "ChessBase"]
[SourceDate "2017.08.23"]
[SourceVersion "1"]
[SourceVersionDate "2017.08.23"]
[SourceQuality "1"]

1. e4 d6 2. d4 Nf6 3. Nc3 e5 4. Nf3 Nbd7 5. Bc4 Be7 6. 0-0 0-0 7. a4 a5 8. Re1 c6 9. b3 Nb6 10. Bf1 Bg4 11. dxe5 Bxf3 12. Qxf3 dxe5 13. Bb2 Bb4 14. Red1 Qe7 15. Ne2 Qe6 16. Ng3 g6 17. Qe3 Nfd7 18. Be2 Rfe8 19. h3 h5 20. Nf1 Qf6 21. Qf3 Qxf3 22. Bxf3 Rad8 23. Rd3 f6 24. Rad1 Be7 25. Bc3 Nc5 26. Rxd8 Rxd8 27. Rxd8+ Bxd8 28. Bxa5 Kf7 29. h4 Ne6 30. g3 Nd7 31. Bd2 Nd4 32. Bd1 Nc5 33. f3 f5 34. exf5 Nxf5 35. a5 Ne6 36. b4 e4 37. f4 Bf6 38. c3 Nc7 39. Bb3+ Ke7 40. Kf2 Nb5 41. c4 Bd4+ 42. Kg2 Nc3 43. Bc2 e3 44. Nxe3 Nxe3+ 45. Bxe3 Bxe3 46. Bxg6 Bd2 47. Bxh5 Na2 48. b5 Bxa5 49. Bf3 cxb5 50. cxb5 b6 51. h5 Bd2 52. Bc6 Nb4 53. Be4 Kd6 54. Kf3 Kc5 55. g4 Kxb5 56. g5 Nc6 57. Bxc6+ Kxc6 58. g6 Bc3 59. h6 1-0